|
|
|
|
| LEADER |
00000nam0a2200000 4500 |
| 001 |
357851 |
| 005 |
20231102011032.0 |
| 035 |
|
|
|a (RuTPU)RU\TPU\retro\15119
|
| 090 |
|
|
|a 357851
|
| 100 |
|
|
|a 20200811d1973 km y0rusy50 ca
|
| 101 |
0 |
|
|a rus
|
| 102 |
|
|
|a RU
|
| 105 |
|
|
|a a z 001zy
|
| 200 |
1 |
|
|a Погружные бесштанговые насосы для добычи нефти
|f А. С. Казак, И. И. Росин, Л. Г. Чичеров
|
| 210 |
|
|
|a Москва
|c Недра
|d 1973
|
| 215 |
|
|
|a 231 с.
|c ил.
|
| 320 |
|
|
|a Библиогр.: с. 225-229
|
| 606 |
1 |
|
|a Насосы нефтяные глубинные электрические
|x Эксплуатация
|2 stltpush
|3 (RuTPU)RU\TPU\subj\44997
|9 64265
|
| 610 |
1 |
|
|a погружные насосы
|
| 610 |
1 |
|
|a бесштанговые насосы
|
| 610 |
1 |
|
|a нефтедобыча
|
| 610 |
1 |
|
|a электроприводы
|
| 610 |
1 |
|
|a центробежные насосы
|
| 610 |
1 |
|
|a объемные насосы
|
| 610 |
1 |
|
|a гидравлические приводы
|
| 610 |
1 |
|
|a поршневые насосы
|
| 610 |
1 |
|
|a турбонасосы
|
| 610 |
1 |
|
|a глубинные насосы
|
| 675 |
|
|
|a 622.276.53
|v 4
|
| 700 |
|
1 |
|a Казак
|b А. С.
|
| 701 |
|
1 |
|a Росин
|b И. И.
|
| 701 |
|
1 |
|a Чичеров
|b Л. Г.
|
| 801 |
|
1 |
|a RU
|b 63413507
|c 20200811
|
| 801 |
|
2 |
|a RU
|b 63413507
|c 20210324
|g RCR
|
| 942 |
|
|
|c BK
|